| 000 | 00718nam a22002657a 4500 | ||
|---|---|---|---|
| 001 | 3633 | ||
| 003 | DO-SdBNP | ||
| 005 | 20180202141358.0 | ||
| 007 | 3633 | ||
| 008 | 900510s1988 sp spa | ||
| 016 | 7 |
_z _2BPMSU |
|
| 017 | _b | ||
| 020 | _a8432091138 | ||
| 040 |
_aBPMSU _bspa _cBPMSU |
||
| 100 | 1 |
_aScott, Walter, _d1771-1832 |
|
| 240 | 1 | 0 |
_aRobin Hood _lEspaƱol |
| 245 | 1 | 0 |
_aRobin Hood / _cWalter Scott |
| 260 | 1 |
_aMadrid: _bPlaneta _c1988 |
|
| 300 |
_a232 p. : _c20 cm. |
||
| 490 | _aBiblioteca mundial de grandes aventuras | ||
| 830 | _pBiblioteca mundial de grandes aventuras | ||
| 942 |
_2ddc _cBK |
||
| 945 | _aInventariado, 2018/ YL | ||
| 956 |
_aVMATEO _210 _320151118 _6BPMSU _800151 |
||
| 999 |
_c8785 _d8785 |
||